The end of work : The decline of the global labor force and the dawn of the post-market era
محفوظ في:
| المؤلف الرئيسي: | |
|---|---|
| التنسيق: | كتاب |
| اللغة: | Undetermined |
| منشور في: |
New York
G. P. Putnam's Sons
1995
|
| الموضوعات: | |
| الوسوم: |
إضافة وسم
لا توجد وسوم, كن أول من يضع وسما على هذه التسجيلة!
|
| Thư viện lưu trữ: | Trung tâm Học liệu Trường Đại học Cần Thơ |
|---|
| LEADER | 00538nam a2200181Ia 4500 | ||
|---|---|---|---|
| 001 | CTU_78903 | ||
| 008 | 210402s9999 xx 000 0 und d | ||
| 082 | |a 331.13 | ||
| 082 | |b R564 | ||
| 100 | |a Rifkin, Jeremy | ||
| 245 | 4 | |a The end of work : | |
| 245 | 4 | |b The decline of the global labor force and the dawn of the post-market era | |
| 245 | 0 | |c Jeremy Rifkin | |
| 260 | |a New York | ||
| 260 | |b G. P. Putnam's Sons | ||
| 260 | |c 1995 | ||
| 650 | |a Technological unemployment | ||
| 980 | |a Trung tâm Học liệu Trường Đại học Cần Thơ | ||